Sociological bases of industrial arts for secondary schools /

Bibliographic Details
Main Author: Wockenfuss, William Arthur
Format: Thesis Microform Book
Language:English
Published: [Place of publication not identified] : [publisher not identified] ; 1960.
Subjects:

MARC

Tag First Indicator Second Indicator Subfields
LEADER 00000cam a2200000 a 4500
001 in00000439331
005 20151012065203.0
007 hd af----b---
008 800521r19601960miu ab 00010 eng d
035 |a (OCoLC)06342700 
035 |9 ABW3314AM 
040 |a GZS  |c GZS  |d TXA  |d UtOrBLW 
049 |a TXAI 
099 |a film  |a B  |a 1297 
100 1 |a Wockenfuss, William Arthur. 
245 1 0 |a Sociological bases of industrial arts for secondary schools /  |c by William A. Wockenfuss. 
264 1 |a [Place of publication not identified] :  |b [publisher not identified] ;  |c 1960. 
300 |a ix, 490 leaves. 
336 |a text  |b txt  |2 rdacontent 
337 |a microform  |b h  |2 rdamedia 
338 |a microfilm reel  |b hd  |2 rdacarrier 
500 |a Vita. 
502 |b Ed. D.  |c University of Florida  |d 1960. 
504 |a Bibliography: leaves 481-488. 
533 |a Microfilm.  |b Ann Arbor, Mich. :  |c University Microfilms,  |d 1960.  |e 1 microfilm reel ; 35 mm. 
500 |a Microform. 
650 0 |a Industrial arts  |x Study and teaching (Secondary) 
650 0 |a Community and school. 
999 |a MARS 
999 f f |s 3c3650a9-c700-32b1-a705-02be6c3a833d  |i bf205b7d-47d5-30e9-9b72-2e254d1ba166  |t 0 
952 f f |p default  |a Texas A&M University  |b College Station  |c Sterling C. Evans Library  |d Evans: Microforms (3rd floor)  |t 0  |e film B 1297  |h Other scheme  |i microform -- microfilm reel 
998 f f |a film B 1297  |t 0  |l Evans: Microforms (3rd floor)